MARC

LEADER 00000nam0a2200000 4500
001 48622
005 20231031031950.0
010 |a 5314001764 
035 |a (RuTPU)RU\TPU\book\50923 
090 |a 48622 
100 |a 20030320d2003 km y0rusy50 ca 
101 0 |a rus 
102 |a RU 
105 |a a z 001zy 
200 1 |a Разработка приложений на С++ и С#  |f Н. Ф. Секунов 
210 |a СПб.  |c Питер  |d 2003 
215 |a 608 с.  |c ил. 
225 1 |a Библиотека программиста 
320 |a Алф.указ.: 600-607 
610 1 |a информатика 
610 1 |a языки программирования 
610 1 |a C++ 
610 1 |a C# 
610 1 |a архитектура 
610 1 |a .NET 
610 1 |a серверы 
610 1 |a создание 
610 1 |a ActiveX 
610 1 |a COM 
610 1 |a базы данных 
610 1 |a SQL 
610 1 |a ADO. NET 
675 |a 681.3.06:800.92  |v 3 
700 1 |a Секунов  |b Н. Ф.  |g Николай Юрьевич 
801 1 |a RU  |b 63413507  |c 20030320  |g PSBO 
801 2 |a RU  |b 63413507  |c 20190208  |g PSBO 
942 |c BK